000
00225nam a22000857a 4500
008
160716b xxu||||| |||| 00| 0 eng d
100
_9
2970
_a
Kipling, R
245
_a
The Jungle Book
260
_a
New Delhi
_b
Orient Publication
_c
2004
999
_c
2533
_d
2533